U-Bahn-Stationen in Frankfurt - Alphabetisch - Statistiken

Allgemein
  • Dieses Quiz wurde 21 mal gespielt
  • Das Durchschnittsergebnis liegt bei 45 aus 84
Antwortstatistiken
Linie Station % Korrekt
U6 U7 Alte Oper
82%
U1 U2 U3 U6 U7 U8 Hauptwache
82%
U1 U2 U3 U8 Heddernheim
82%
U4 U6 U7 Bockenheimer Warte
73%
U4 U7 Enkheim
73%
U4 U5 Hauptbahnhof
73%
U6 Hausen
73%
U4 U7 Hessen-Center
73%
U4 U5 U6 U7 Konstablerwache
73%
U8 U9 Riedberg
73%
U1 U2 U3 U8 Schweizer Platz
73%
U1 U2 U3 U8 Südbahnhof
73%
U1 U3 U8 Zeilweg
73%
U3 Bommersheim
64%
U4 Bornheim Mitte
64%
U5 Deutsche Nationalbibliothek
64%
U4 U5 Dom/Römer
64%
U7 Eissporthalle/Festplatz
64%
U1 U2 U3 U8 Eschenheimer Tor
64%
U3 Glöcknerwiese
64%
U2 Gonzenheim
64%
U7 Habsburgerallee
64%
U5 Hauptfriedhof
64%
U1 U9 Heddernheimer Landstraße
64%
U3 Hohemark
64%
U6 U7 Kirchplatz
64%
U6 U7 Leipziger Straße
64%
U1 U2 U3 U8 Miquel-/Adickesallee
64%
U2 U9 Nieder-Eschbach
64%
U3 Oberursel Altstadt
64%
U3 Oberursel Bahnhof
64%
U3 Oberursel Stadtmitte
64%
U6 Ostbahnhof
64%
U6 U7 Westend
64%
U1 U2 U3 U4 U5 U8 Willy-Brandt-Platz
64%
U6 U7 Zoo
64%
U2 U9 Bonames Mitte
55%
U1 U2 U3 U8 Dornbusch
55%
U1 U9 Ginnheim Mitte
55%
U6 U7 Industriehof
55%
U2 U9 Kalbach
55%
U3 Lahnstraße
55%
U1 U2 U3 U8 Lindenbaum
55%
U5 Marbachweg
55%
U5 Musterschule
55%
U3 U8 U9 Niederursel
55%
U1 U9 Nordwestzentrum
55%
U7 Parlamentsplatz
55%
U5 Preungesheim
55%
U4 Seckbacher Landstraße
55%
U8 U9 Uni-Campus Riedberg
55%
U1 U2 U3 U8 Weißer Stein
55%
U3 Weißkirchen Ost
55%
U4 Festhalle/Messe
45%
U1 U2 U3 U8 Fritz-Tarnow-Straße
45%
U5 Glauburgstraße
45%
U1 U2 U3 U8 Grüneburgweg
45%
U7 Hausener Weg
45%
U4 Höhenstraße
45%
U1 U2 U3 U8 Holzhausenstraße
45%
U1 U2 U3 U8 Hügelstraße
45%
U7 Johanna-Tesch-Platz
45%
U4 Merianplatz
45%
U2 Ober-Eschbach
45%
U1 U9 Römerstadt
45%
U5 Sigmund-Freud-Straße
45%
U5 Feuerwehrstraße
36%
U7 Fischstein
36%
U7 Friedhof Westhausen
36%
U1 U9 Ginnheim Niddapark
36%
U6 Große Nelkenstraße
36%
U4 U7 Gwinnerstraße
36%
U3 Kupferhammer
36%
U2 Riedwiese/Mertonviertel
36%
U5 Ronneburgstraße
36%
U7 Stephan-Heise-Straße
36%
U5 Theobald-Ziegler-Straße
36%
U7 Heerstraße
27%
U4 U7 Kruppstraße
27%
U4 U7 Schäfflestraße
27%
U3 Waldlust
27%
U3 U8 U9 Wiesenau
27%
U3 Rosengärtchen
18%
U2 Sandelmühle
18%
Keine übereinstimmenden Quizze gefunden
Verteilung der Resultate
Anzahl Personen mit jedem Resultat
Perzentil nach korrekt beantworteten Fragen
Ihre Resultats-Entwicklung
Sie haben dieses Quiz noch nicht gespielt